00592pam a2200169 a 4500020001500000040000800015082002600023100002200049245005800071250001200129260004800141300003500189650002700224942000700251999001700258952014700275 a0813818923 cDLC00a636 LOW 1995 A090 Or.1 aFowler, Murray E.10aRestraint and handling of wild and domestic animals / a2nd ed. aAmes :bIowa State University Press,c1995. aviii, 383 p. :bill. ;c29 cm. 0aAnimal immobilization. cEK c15999d15999 0010406636_000000000000000_LOW_1995_A090_CO70969789aLBAbLBAcA090d2017-12-25o636 LOW 1995 A090 Co.pA29068r2017-12-25w2017-12-25yEK